01125nam a2200277 i 4500001001000000003000900010005001700019007000300036008004100039020001800080040003000098041000800128082002200136100004400158245013100202264007100333300005500404336002700459337003500486338003100521500007000552504004100622504007300663651006500736700004600801000003345DO-SdBNP20250716104522.0ta090708s2009 dr ad 000 0 spa d a9789945162684 aDO-SdBNPbspacBNPHUerda aspa 4a972.93bM538d2221 aMéndez Jiminian, Jesúseautor4aut.13aEl destino de 25 restauradores presos en Vieques, 1864-1865 /cJesús Méndez Jiminián ; prólogo Robert L. Rabin Siegal. aSanto Domingo, República Dominicana : bEditora Búho, c2009. a115 páginas :bilustraciones, diagrama ;c23 cm. atextobtxt2rdacontent asin mediación bn2rdamedia  avolumen bnc2rdacarrier  aIncluye datos biográficos del autor en la solapa de la cubierta aBibliografía: páginas p. 113-115 aIncluye referencias bibliográficas y notas al pie de las páginas 4aRepública DominicanaxHistoria yRestauración, 1863-18651 aRabin Siegal, Robert L.,eprolguista4pr.